000 00573nam a2200169 a 4500
001 000004321
005 20200929151426.0
008 090721s1998 sp 000 0 spa d
020 _a847880949x
040 _aDO-SdBNP
_bspa
_cBNPHU
100 1 _aMartín Seco, Juan Francisco
_912750
245 1 0 _aRéquiem por la soberanía popular :
_bdiálogos de Maquiavelo y Rousseau sobre la sociedad actual /
_cJuan Francisco Martín Seco.
260 _aMadrid, España :
_bEdiciones Temas de Hoy,
_c1998.
300 _a283 p. ;
_c22 cm.
490 1 _aEnsayos
830 0 _aEnsayos
_911110
999 _c4130
_d4130